Name The Countries That These People Ruled - Statistics

General Stats
  • This quiz has been taken 40 times
  • The average score is 3 of 11
Answer Stats
Hint Answer % Correct
John Adams USA
71%
Michael Collins Ireland
68%
Robert The Bruce Scotland
61%
Catherine The Great Russian Empire
26%
Oda Nobunga Japan
21%
Isabella Spanish Empire
21%
Saladin Arabia
13%
Charlemagne Frankish Empire
13%
Pedro I Brazilian Empire
3%
Draco Ancient Greece
0%
Augustus Ancient Rome
0%
No matching quizzes found
Score Distribution
Percent of People with Each Score
Percentile by Number Answered
Your Score History
You have not taken this quiz